Movies Quiz

Random Movies or Director Quiz

50 Greatest Movies of All Time by director (world) Quiz Stats

 Plays Quiz not verified by Sporcle

Also try: The 'H' Movies
Challenge
Share
Tweet
Embed
Score 0/52 Timer 10:00
0 Plays Today
Director Movie % Correct
Orson Welles 1941Citizen Kane
95.9%
Alfred Hitchcock 1958Vertigo
94.1%
Francis Ford Coppola 1972The Godfather
93.3%
Francis Ford Coppola 1974The Godfather Part II
89.6%
Alfred Hitchcock 1960Psycho
89.6%
Stanley Kubrick 19682001: A Space Odyssey
89.2%
Kurosawa Akira 1954Seven Samurai
86.6%
Francis Ford Coppola 1979Apocalypse Now
84%
Martin Scorsese 1976Taxi Driver
83.6%
Federico Fellini 1963
74.3%
David Lynch 2001Mulholland Dr.
73.6%
John Ford 1956The Searchers
71.7%
Charlie Chaplin 1931City Lights
71%
Fritz Lang 1927Metropolis
69.9%
Billy Wilder 1959Some Like It Hot
65.4%
Sergei Eisenstein 1925Battleship Potemkin
63.6%
Kurosawa Akira 1950Rashōmon
60.2%
Vittoria De Sica 1948Bicycle Thieves
58%
Donen & Kelly 1951Singin’ in the Rain
57.2%
Ozu Yasujiro 1953Tokyo Story
55.4%
François Truffaut 1959The 400 Blows
55%
Federico Fellini 1960La dolce vita
54.6%
Jean-Luc Godard 1960Breathless
53.5%
FW Murnau 1927Sunrise: A Song of Two Humans
50.6%
Keaton & Bruckman 1926 The General
49.4%
Jean Renoir 1939The Rules of the Game
47.2%
Director Movie % Correct
Carl Dreyer 1927The Passion of Joan of Arc
40.5%
Ingmar Bergman 1966Persona
39.8%
Wong Kar-Wai 2000In the Mood for Love
38.3%
Andrei Tarkovsky 1979Stalker
37.5%
Andrei Tarkovsky 1966Andrei Rublev
33.1%
Andrei Tarkovsky 1974Mirror
30.9%
Dziga Vertov 1929Man with a Movie Camera
30.1%
Jean Vigo 1934L’Atalante
29.7%
Gillo Pontecorvo 1966The Battle of Algiers
28.3%
Chris Marker 1962The Jetty
27.9%
Satyajit Ray 1955Pather Panchali
27.5%
Michelangelo Antonioni 1960The Adventure
27.1%
Carl Dreyer 1955Ordet
22.7%
Jacques Tati 1967Play Time
22.3%
Jean-Luc Godard 1963Contempt
20.8%
Robert Bresson 1966Balthazar
18.6%
Jean-Luc Godard 1965Pierrot le Fou
18.2%
Claude Lanzmann 1985Shoah
17.5%
Béla Tarr 1994Sátántangó
17.5%
Mizoguchi Kenji 1953Tales of Moonlight and Rain
17.1%
Ozu Yasujiro 1949Late Spring
16.7%
Abbas Kiarostami 1990Close-Up
16.7%
Carl Dreyer 1964Gertrud
12.3%
Chantal Akerman 1975Jeanne Dielman ...
11.9%
Jean-Luc Godard 1998History of Cinema
8.6%
Roberto Rossellini 1954Journey to Italy
7.1%

You're not logged in!

Compare scores with friends on all Sporcle quizzes.
OR
Log In

You Might Also Like...

Show Comments

Extras

Top Quizzes Today


Score Distribution

Your Account Isn't Verified!

In order to create a playlist on Sporcle, you need to verify the email address you used during registration. Go to your Sporcle Settings to finish the process.

Report this User

Report this user for behavior that violates our Community Guidelines.

Details: